[Event "Mechanics' Summer TNM; 30/90, SD/30"]
[Site "San Francisco"]
[Date "2013.07.02"]
[Round "6.26"]
[White "Brown, Nicholas"]
[Black "Frank, Robert"]
[Result "0-1"]
[WhiteElo "1570"]
[BlackElo "1343"]
[PlyCount "78"]
[EventDate "2013.??.??"]

1. d4 Nf6 2. c4 e6 3. Nf3 d5 4. e3 Bb4+ 5. Bd2 Bxd2+ 6. Nbxd2 O-O 7. Bd3 Nbd7
8. O-O c5 9. Qc2 cxd4 10. cxd5 dxe3 11. dxe6 exf2+ 12. Rxf2 Nb6 13. exf7+ Rxf7
14. Ng5 Rc7 15. Qb3+ Qd5 16. Raf1 Qxb3 17. Nxb3 Nbd5 18. Ne4 Be6 19. Nxf6+ Nxf6
20. Rc1 Rxc1+ 21. Nxc1 Rc8 22. Rc2 Kf7 23. b3 Rxc2 24. Bxc2 g6 25. h3 Nd5 26.
Be4 b5 27. Ne2 b4 28. Nd4 Nc3 29. Bb7 Nxa2 30. Kf2 Nc1 31. Nc2 a5 32. Ne3 Nxb3
33. Bd5 Nc5 34. Bxe6+ Kxe6 35. Ke2 b3 36. Nc4 a4 37. Na3 Kd5 38. Kd2 Kd4 39. g4
Ne4+ 0-1

[Event "Mechanics' Summer TNM; 30/90, SD/30"]
[Site "San Francisco"]
[Date "2013.06.04"]
[Round "2.24"]
[White "Brown, Nicholas"]
[Black "Gaffagan, Steven"]
[Result "0-1"]
[WhiteElo "1570"]
[BlackElo "2097"]
[PlyCount "70"]
[EventDate "2013.??.??"]

1. d4 Nf6 2. c4 e6 3. Nf3 Bb4+ 4. Bd2 Qe7 5. e3 b6 6. Qb3 a5 7. Bxb4 axb4 8.
Bd3 Bb7 9. Nbd2 O-O 10. O-O Nc6 11. Qc2 d6 12. b3 Ra5 13. Ne4 Nxe4 14. Bxe4 f5
15. Bd3 g6 16. Qd2 Rfa8 17. Rfe1 Qf6 18. Bf1 Ne7 19. Be2 Be4 20. Rec1 g5 21.
Ne1 g4 22. f3 gxf3 23. Bxf3 Kh8 24. Bxe4 fxe4 25. Rc2 Rf5 26. h3 c5 27. g4 Rf1+
28. Kh2 Rf8 29. Rac1 Ng6 30. Ng2 Rf3 31. Re1 Qg7 32. Re2 Rxh3+ 33. Kg1 Qh6 34.
Nh4 Nxh4 35. Qd1 Nf3+ 0-1

[Event "Mechanics' Winter TNM; 30/90, SD/30"]
[Site "San Francisco"]
[Date "2013.01.15"]
[Round "2.14"]
[White "Brown, Nicholas"]
[Black "Gray, William"]
[Result "0-1"]
[WhiteElo "1471"]
[BlackElo "2004"]
[PlyCount "90"]
[EventDate "2013.??.??"]

1. d4 Nf6 2. c4 d6 3. Nf3 Bf5 4. e3 g6 5. Nc3 Bg7 6. Bd3 Bxd3 7. Qxd3 Nbd7 8.
O-O O-O 9. e4 c5 10. d5 a6 11. Be3 Ng4 12. Bf4 b5 13. cxb5 axb5 14. a3 Qa5 15.
Bd2 Rfb8 16. Nd1 Qa6 17. Bc3 Nge5 18. Nxe5 Nxe5 19. Qe2 b4 20. Qxa6 Rxa6 21.
Bxe5 Bxe5 22. Ra2 Rba8 23. a4 Rxa4 24. Rxa4 Rxa4 25. Re1 Ra1 26. Kf1 Rb1 27.
Ne3 Rxe1+ 28. Kxe1 Bxb2 29. Nc4 Bd4 30. f3 f5 31. Kd2 fxe4 32. fxe4 Kg7 33. Kc2
Kf6 34. Nb6 e6 35. Nc8 exd5 36. exd5 Be5 37. h3 Kf5 38. Nb6 Ke4 39. Kb3 Kd4 40.
Ka4 Kc3 41. Kb5 b3 42. Nc4 b2 43. Na3 Kb3 44. Nb1 Kc2 45. Na3+ Kc1 0-1

[Event "Mechanics' Spring TNM; 30/90, SD/30"]
[Site "San Francisco"]
[Date "2013.04.23"]
[Round "6.35"]
[White "Brown, Nicholas"]
[Black "Ma, Daniel"]
[Result "1-0"]
[WhiteElo "1570"]
[BlackElo "958"]
[PlyCount "89"]
[EventDate "2013.??.??"]

1. d4 d5 2. c4 Nf6 3. e3 Bf5 4. Nc3 e6 5. Nf3 Bb4 6. Bd2 O-O 7. Be2 c5 8. cxd5
exd5 9. dxc5 Bxc5 10. O-O Nc6 11. Ne1 Rc8 12. Bf3 Nb4 13. a3 Nd3 14. Nxd3 Bxd3
15. Re1 Re8 16. Bc1 Bf5 17. Nxd5 Re6 18. b4 Bb6 19. Nxf6+ Rxf6 20. Qxd8+ Rxd8
21. Bb2 Rfd6 22. Rad1 Rd2 23. Bc1 Rxd1 24. Rxd1 Rc8 25. Bxb7 Rc2 26. Bf3 Be6
27. g3 Bh3 28. a4 g5 29. a5 Bc7 30. Bd2 a6 31. Bg2 Bxg2 32. Kxg2 Kg7 33. Kf1
Kf6 34. Ke1 Rb2 35. Rc1 Bd6 36. Bc3+ Be5 37. Bxb2 Bxb2 38. Rc2 Ba3 39. Rc4 Kg6
40. Kd1 Kf5 41. Kc2 Ke5 42. Kb3 Bc1 43. Rxc1 Ke4 44. Rc2 Kf3 45. Rc7 1-0

[Event "Mechanics' Winter TNM; 30/90, SD/30"]
[Site "San Francisco"]
[Date "2013.02.19"]
[Round "7.22"]
[White "Brown, Nicholas"]
[Black "Otterbach, Renate"]
[Result "1-0"]
[WhiteElo "1471"]
[BlackElo "1916"]
[PlyCount "51"]
[EventDate "2013.??.??"]

1. d4 d5 2. c4 c6 3. e3 e6 4. Nf3 Nf6 5. Nc3 Be7 6. Bd3 Nbd7 7. O-O b6 8. Qc2
Bb7 9. e4 Rc8 10. e5 dxc4 11. Bxc4 Nd5 12. Qe2 O-O 13. Ne4 c5 14. Be3 f6 15.
Nc3 f5 16. Rad1 f4 17. Bc1 Rf5 18. Ba6 Bh4 $4 19. Bxb7 Rc7 20. Bxd5 Nf8 21. Be4
Rh5 22. Bxf4 Ng6 23. Bxg6 hxg6 24. Qe3 g5 25. dxc5 Rf7 26. Rxd8+ 1-0

[Event "Mechanics' Spring TNM; 30/90, SD/30"]
[Site "San Francisco"]
[Date "2013.03.19"]
[Round "1.19"]
[White "Brown, Nicholas"]
[Black "Rudyak, Felix"]
[Result "1/2-1/2"]
[WhiteElo "1570"]
[BlackElo "1968"]
[PlyCount "41"]
[EventDate "2013.??.??"]

1. d4 d5 2. c4 e6 3. e3 c5 4. cxd5 exd5 5. dxc5 Bxc5 6. Nc3 Nf6 7. Nf3 O-O 8.
Be2 Nc6 9. O-O Bf5 10. a3 a5 11. b3 Rc8 12. Bb2 Ba7 13. Rc1 Bg4 14. Nb5 Bb8 15.
Bxf6 Qxf6 16. Qxd5 Rfd8 17. Qe4 Bf5 18. Qh4 Qb2 19. Bc4 Ne5 20. Nxe5 Qxe5 21.
Rfd1 1/2-1/2

[Event "Mechanics' Spring TNM; 30/90, SD/30"]
[Site "San Francisco"]
[Date "2013.05.07"]
[Round "8.21"]
[White "Brown, Nicholas"]
[Black "Shnaiderman, Lazar"]
[Result "1/2-1/2"]
[WhiteElo "1570"]
[BlackElo "1801"]
[PlyCount "60"]
[EventDate "2013.??.??"]

1. d4 Nf6 2. c4 e6 3. Nf3 Bb4+ 4. Bd2 Qe7 5. a3 Bxd2+ 6. Nbxd2 d6 7. e3 O-O 8.
Bd3 Nbd7 9. O-O e5 10. Qc2 Re8 11. dxe5 dxe5 12. Ng5 Nf8 13. Nde4 Nxe4 14. Nxe4
f5 15. Nd2 e4 16. Be2 c5 17. Rae1 b6 18. f3 Bb7 19. fxe4 Bxe4 20. Nxe4 fxe4 21.
Bg4 Nd7 22. Rd1 Nf6 23. Bh3 Rad8 24. Rxd8 Rxd8 25. Rd1 Rd6 26. Bf5 Rxd1+ 27.
Qxd1 Kf7 28. Qf1 g6 29. Bc8 Qd6 30. Bb7 Kg7 1/2-1/2

[Event "Mechanics' Winter TNM; 30/90, SD/30"]
[Site "San Francisco"]
[Date "2013.01.22"]
[Round "3.25"]
[White "Brown, Nicholas"]
[Black "Woebcke, Carl"]
[Result "1/2-1/2"]
[WhiteElo "1471"]
[BlackElo "1769"]
[PlyCount "54"]
[EventDate "2013.??.??"]

1. d4 d5 2. c4 e6 3. Nf3 c5 4. e3 cxd4 5. Nxd4 Nc6 6. cxd5 exd5 7. Bb5 Bd7 8.
Nc3 a6 9. Ba4 Nf6 10. Bb3 Be6 11. O-O Bc5 12. Nf3 O-O 13. Re1 b5 14. Ne2 Qb6
15. Nf4 Rad8 16. Nxe6 fxe6 17. Ng5 Ne5 18. Qe2 h6 19. Nh3 Rf7 20. Nf4 g5 21.
Nd3 Nxd3 22. Qxd3 Rg7 23. Qe2 Ne4 24. Rf1 Rf8 25. Bc2 Rgf7 26. Bxe4 dxe4 27. b3
Be7 1/2-1/2

[Event "Mechanics' Winter TNM; 30/90, SD/30"]
[Site "San Francisco"]
[Date "2013.01.08"]
[Round "1.9"]
[White "Byamba, Uyanga"]
[Black "Donnelly, Patrick"]
[Result "1-0"]
[WhiteElo "2094"]
[BlackElo "1643"]
[Annotator "Donaldson"]
[PlyCount "67"]
[EventDate "2013.??.??"]

1. e4 c5 2. Nf3 d6 3. d4 cxd4 4. Nxd4 Nf6 5. Nc3 a6 6. Bc4 e6 7. Bb3 Be7 8. g4
Nc6 9. f3 Nxd4 10. Qxd4 e5 11. Qd3 Be6 12. Be3 Qa5 13. g5 Nd7 14. Bxe6 fxe6 15.
Qc4 Kf7 16. O-O Rac8 17. Qe2 Ke8 18. Kh1 d5 19. exd5 exd5 20. Bd2 Qc5 21. Rad1
Qc6 22. Be3 d4 23. Bxd4 exd4 24. Rfe1 Qc5 ({
Black missed the nice saving resource} 24... Ne5 $1 {
which leads to a draw by perpetual check after} 25. Qxe5 Qxf3+ 26. Kg1 Qg4+)
25. Nd5 (25. Rxd4 $1) 25... Kf7 $2 (25... Kd8) 26. Qxe7+ Qxe7 27. Rxe7+ Kg6 28.
Rxd7 Rxc2 29. Rxb7 Re8 30. h4 Kf5 31. Ne7+ Kf4 32. Rxd4+ Kxf3 33. Rb3+ Ke2 34.
Nf5 1-0

[Event "Mechanics' Winter TNM; 30/90, SD/30"]
[Site "San Francisco"]
[Date "2013.01.22"]
[Round "3.4"]
[White "Byamba, Uyanga"]
[Black "Hua, Arnold"]
[Result "1-0"]
[WhiteElo "2094"]
[BlackElo "2005"]
[PlyCount "59"]
[EventDate "2013.??.??"]

1. e4 e5 2. Nf3 Nc6 3. Bc4 Nf6 4. Ng5 d5 5. exd5 Nd4 6. c3 b5 7. cxd4 bxc4 8.
dxe5 Nxd5 9. Qf3 Qxg5 10. Qxd5 Rb8 11. Nc3 Bb7 12. d4 Qg6 13. Qb5+ c6 14. Qxc4
Qxg2 15. Qf1 Qf3 16. Rg1 Bb4 17. Rg3 Qe4+ 18. Be3 c5 19. Qb5+ Kf8 20. Qxc5+ Kg8
21. O-O-O Bxc3 22. Rxg7+ Kxg7 23. Rg1+ Qg6 24. Rxg6+ hxg6 25. bxc3 Be4 26. e6
Rh5 27. Bg5 Rb1+ 28. Kd2 f5 29. Qe7+ Kg8 30. Qf7+ 1-0

[Event "Mechanics' Winter TNM; 30/90, SD/30"]
[Site "San Francisco"]
[Date "2013.02.26"]
[Round "8.4"]
[White "Byamba, Uyanga"]
[Black "Ivanov, Aleksandr"]
[Result "1-0"]
[WhiteElo "2094"]
[BlackElo "2022"]
[PlyCount "81"]
[EventDate "2013.??.??"]

1. e4 c6 2. d4 d5 3. e5 Bf5 4. Nf3 e6 5. Be2 Nd7 6. O-O Ne7 7. Be3 c5 8. dxc5
Nc6 9. Nd4 Nxd4 10. Bxd4 Bxc5 11. Nc3 Bxc2 12. Qxc2 Bxd4 13. Nb5 Bxe5 14. f4
Rc8 15. Qa4 Qb6+ 16. Kh1 Bb8 17. f5 O-O 18. Qh4 e5 19. Rf3 a6 20. Nc3 Nf6 21.
g4 d4 22. Na4 Qc6 23. g5 Nd7 24. f6 Rfe8 25. Kg1 e4 26. Rh3 Nf8 27. b3 Qd5 28.
Nb6 Qc5 29. Nxc8 d3+ 30. Kh1 Rxc8 31. Bg4 e3 32. Bxc8 Qxc8 33. g6 fxg6 34. fxg7
Kxg7 35. Qe7+ Kg8 36. Rf1 Bf4 37. Qe4 Qxh3 38. Qxf4 Ne6 39. Qf7+ Kh8 40. Rc1
Qh6 41. Rc8+ 1-0

[Event "Mechanics' Winter TNM; 30/90, SD/30"]
[Site "San Francisco"]
[Date "2013.02.05"]
[Round "5.3"]
[White "Byamba, Uyanga"]
[Black "Winslow, Elliott"]
[Result "0-1"]
[WhiteElo "2094"]
[BlackElo "2319"]
[Annotator "Donaldson"]
[PlyCount "102"]
[EventDate "2013.??.??"]

1. e4 c5 2. Nf3 d6 3. d4 cxd4 4. Nxd4 Nf6 5. Nc3 a6 6. Bc4 e6 7. Bb3 b5 8. Bg5
Be7 9. Qf3 Qd7 10. O-O-O Bb7 11. Qh3 b4 12. Bxf6 Bxf6 13. Na4 Bxd4 14. Rxd4 Nc6
15. Rd2 Qc7 16. Qg3 O-O-O 17. Rhd1 Ne5 18. f4 Nc6 19. Qe3 Kb8 20. Nb6 Na5 21.
Kb1 Bxe4 22. Nd7+ Rxd7 23. Qxe4 Nc6 24. Ba4 d5 25. Qe3 Rc8 26. f5 Re7 27. Qc5
Qa7 28. Qd6+ Qc7 29. Qc5 Ne5 30. Qxb4+ Ka8 31. Re2 exf5 32. Rxd5 f6 33. Rd6 Qc4
$2 34. Bc6+ $1 Qxc6 35. Rxc6 Nxc6 36. Qxe7 $2 (36. Qc4 {was much easier.})
36... Nxe7 37. Rxe7 Rg8 38. c4 h5 39. Kc2 f4 40. b4 h4 41. h3 g5 42. Rf7 g4 43.
Rxf6 $4 (43. hxg4 Rxg4 44. Rxf6 Rxg2+ 45. Kd3 {
and White plays for only two results but Black holds with best play.} (45. Kb3
$2 f3)) 43... f3 $1 44. gxf3 g3 45. Rxa6+ Kb7 46. Re6 g2 47. Re1 g1=Q 48. Rxg1
Rxg1 49. Kd3 Rg3 50. Ke2 Rxh3 51. Kf2 Rg3 {and Black won on time.} 0-1

[Event "Mechanics' Summer TNM; 30/90, SD/30"]
[Site "San Francisco"]
[Date "2013.06.18"]
[Round "4.20"]
[White "Byambaa, Uyanga"]
[Black "Gardiner, Paul"]
[Result "1-0"]
[WhiteElo "2136"]
[BlackElo "1650"]
[PlyCount "86"]
[EventDate "2013.??.??"]

1. e4 c6 2. d4 d5 3. e5 Bf5 4. Nf3 e6 5. Be2 Nd7 6. O-O Ne7 7. Nc3 c5 8. Be3
Nc6 9. dxc5 Bxc5 10. Bxc5 Nxc5 11. Nb5 O-O 12. c3 a6 13. Nbd4 Bg6 14. g3 Qc7
15. Nxc6 bxc6 16. Qd4 Nd7 17. Rfe1 Be4 18. Bd1 c5 19. Qe3 Rab8 20. b3 Rfc8 21.
Rc1 a5 22. c4 Bxf3 23. Bxf3 d4 24. Qg5 Nf8 25. Re4 Rb4 26. h4 a4 27. Bd1 axb3
28. axb3 Ra8 29. h5 h6 30. Qd2 Ra3 31. Bc2 Qe7 32. Rg4 Kh8 33. Re1 Rb8 34. Ree4
Ra2 35. Rxg7 Kxg7 36. Rg4+ Ng6 37. hxg6 f5 38. exf6+ Qxf6 39. Rf4 Rxc2 40. Qxc2
Qxg6 41. Qe2 Kh7 42. Qe5 Re8 43. Rf6 Qg7 {Both players quit keeping score at
this point. White is much better at this point and one in a few moves.} 1-0

[Event "Mechanics' Summer TNM; 30/90, SD/30"]
[Site "San Francisco"]
[Date "2013.07.02"]
[Round "6.7"]
[White "Byambaa, Uyanga"]
[Black "Handigol, Abhishek"]
[Result "1-0"]
[WhiteElo "2136"]
[BlackElo "2002"]
[Annotator "Donaldson"]
[PlyCount "97"]
[EventDate "2013.??.??"]

1. e4 e5 2. Nf3 d5 3. Nxe5 Bd6 4. d4 dxe4 5. Bf4 Nf6 6. Nc3 O-O 7. Be2 Re8 8.
Qd2 Qe7 9. O-O-O Nc6 10. Bb5 Bd7 11. Nxd7 Nxd7 12. Rhe1 Bb4 13. Bxc7 $2 (13. d5
$1) 13... Bxc3 14. bxc3 (14. Qxc3 Qg5+) 14... Qa3+ (14... Nf6) 15. Kb1 a6 16.
Bc4 Rac8 17. Qf4 Nf6 18. Bb3 Na7 19. Bd6 Qa5 20. Bb4 Qb5 21. d5 a5 22. a4 Qb6
23. Qd6 Qxf2 24. Bxa5 e3 25. Qg3 Qxg3 26. hxg3 Ne4 27. Rxe3 Nd2+ 28. Rxd2 Rxe3
29. Bb6 Re1+ 30. Kb2 Ra8 31. d6 Nc6 32. d7 Nd8 33. a5 Re7 34. Rd6 -- 35. Bd5 h6
36. Bf3 Re6 37. Rd4 Rg6 38. c4 Re6 39. c5 Re7 40. a6 Re6 41. axb7 Rxb6+ 42.
cxb6 Rb8 43. Rc4 Rxb7 44. Bxb7 Nxb7 45. Rc8+ Kh7 46. d8=Q Nxd8 47. Rxd8 f5 48.
b7 f4 49. b8=Q 1-0

[Event "Mechanics' Fall TNM; 30/90, SD/30"]
[Site "San Francisco"]
[Date "2013.11.26"]
[Round "6.5"]
[White "Byambaa, Uyanga"]
[Black "Lacounte, Brendan"]
[Result "1-0"]
[WhiteElo "2066"]
[BlackElo "1921"]
[PlyCount "47"]
[EventDate "2013.??.??"]

1. e4 c5 2. Nf3 d6 3. d4 cxd4 4. Nxd4 Nf6 5. Nc3 Nc6 6. Bc4 e6 7. Bb3 Be7 8.
Be3 a6 9. f3 h5 10. h3 Qc7 11. Qd2 Nxd4 12. Bxd4 b5 13. O-O-O Bb7 14. g4 Rg8
15. g5 Nd7 16. g6 Nf6 17. Rhg1 Bf8 18. Qg5 O-O-O 19. Kb1 Kb8 20. gxf7 Rh8 21.
Bxe6 Bc8 22. Bb3 Qe7 23. e5 Be6 24. exf6 1-0

[Event "Mechanics' Neil Falconer TNM; 30/90, SD"]
[Site "San Francisco"]
[Date "2013.08.20"]
[Round "3.4"]
[White "Byambaa, Uyanga"]
[Black "Manvelyan, Hovik"]
[Result "0-1"]
[WhiteElo "2091"]
[BlackElo "1922"]
[PlyCount "80"]
[EventDate "2013.??.??"]

1. e4 e6 2. d4 d5 3. Nc3 Bb4 4. e5 Qd7 5. a3 Be7 6. Qg4 Bf8 7. Nf3 f5 8. Qg3 b6
9. Be2 Nc6 10. Be3 Bb7 11. Nd2 O-O-O 12. b4 g5 13. Qxg5 Bh6 14. Qh4 f4 15. Bxf4
Nxd4 16. Bd3 Nf5 17. Bxf5 Bxf4 18. Qxf4 exf5 19. O-O Ne7 20. Ne2 Ng6 21. Qd4
Nxe5 22. Qxe5 Rhe8 23. Qd4 Rxe2 24. a4 Rg8 25. g3 Rg4 26. Qd3 Qe6 27. Nf3 d4
28. Nxd4 Qd5 29. Qxf5+ Qxf5 30. Nxf5 Rxb4 31. Rfd1 Re5 32. Nd4 a5 33. f4 Re4
34. c3 Rb2 35. Rab1 Ra2 36. Ra1 Rb2 37. Rdb1 Rd2 38. Rf1 c5 39. Rf2 Rxf2 40.
Kxf2 cxd4 0-1

[Event "Mechanics' Spring TNM; 30/90, SD/30"]
[Site "San Francisco"]
[Date "2013.04.23"]
[Round "6.6"]
[White "Byambaa, Uyanga"]
[Black "Morton, Adam"]
[Result "1/2-1/2"]
[WhiteElo "2113"]
[BlackElo "2010"]
[PlyCount "118"]
[EventDate "2013.??.??"]

1. e4 e5 2. Nf3 Nc6 3. Bc4 Nf6 4. Ng5 d5 5. exd5 b5 6. Bf1 Nd4 7. c3 Nxd5 8.
cxd4 Qxg5 9. Bxb5+ Bd7 10. Bxd7+ Kxd7 11. O-O Nf4 12. Qf3 e4 13. Qxe4 Bd6 14.
Nc3 Rae8 15. Qf3 Re6 16. d3 Rg6 17. Bxf4 Bxf4 18. Qd5+ Bd6 19. Qxg5 Rxg5 20.
Rfe1 Rb8 21. Re2 Rb4 22. d5 Rd4 23. Re3 Rb4 24. Rb1 Be5 25. Ne4 Rh5 26. b3
Bxh2+ 27. Kf1 Bf4 28. Rh3 Rxh3 29. gxh3 f5 30. Nc5+ Kd6 31. Ne6 Be5 32. Rc1
Kxd5 33. Nxc7+ Kd6 34. Kg2 Rb7 35. Na6 Rb6 36. Nc5 Bd4 37. Na4 Rc6 38. Rc4 Kd5
39. Kf3 g5 40. Kg2 h5 41. f3 Re6 42. Rc2 Re3 43. Rd2 Re1 44. Kh2 Re6 45. b4 Ra6
46. Nc5 Bxc5 47. bxc5 Kxc5 48. Rg2 Rg6 49. h4 g4 50. fxg4 fxg4 51. Rc2+ Kd5 52.
Rc7 Ra6 53. Rh7 Rxa2+ 54. Kg3 Kd4 55. Rxh5 Kxd3 56. Rc5 Kd4 57. Rc7 Ke5 58.
Kxg4 Kf6 59. h5 Ra4+ 1/2-1/2

[Event "Mechanics' Summer TNM; 30/90, SD/30"]
[Site "San Francisco"]
[Date "2013.05.28"]
[Round "1.7"]
[White "Byambaa, Uyanga"]
[Black "Nelson, Christopher"]
[Result "1-0"]
[WhiteElo "2136"]
[BlackElo "1676"]
[PlyCount "53"]
[EventDate "2013.??.??"]

1. e4 e5 2. Nf3 Nc6 3. Bc4 Nf6 4. Ng5 d5 5. exd5 Na5 6. Bb5+ c6 7. dxc6 bxc6 8.
Qf3 Bd7 9. Bd3 h6 10. Ne4 Nd5 11. O-O Nb7 12. b3 Nf4 13. Bb2 Qc7 14. Na3 f5 15.
Ng3 e4 16. Bxe4 fxe4 17. Qxe4+ Kd8 18. Rfe1 Bd6 19. Nc4 Re8 20. Qf3 Rf8 21. Qc3
Rf7 22. d4 Nd5 23. Qd3 Bxg3 24. hxg3 Bf5 25. Qe2 Rf8 26. Ba3 Rf6 27. Qe8# 1-0

[Event "Mechanics' Neil Falconer TNM; 30/90, SD"]
[Site "San Francisco"]
[Date "2013.08.06"]
[Round "1.7"]
[White "Byambaa, Uyanga"]
[Black "Oca, Homer"]
[Result "1-0"]
[WhiteElo "2091"]
[BlackElo "1716"]
[PlyCount "95"]
[EventDate "2013.??.??"]

1. e4 a6 2. d4 h6 3. Nc3 e6 4. f4 d5 5. e5 b5 6. Nf3 Bb4 7. Bd3 Bb7 8. Be3 Nc6
9. O-O Nge7 10. Ne2 Qd7 11. c3 Ba5 12. b4 Bb6 13. Bf2 Nc8 14. Ng3 N8a7 15. Nh5
O-O-O 16. Nxg7 Ne7 17. Nh5 Ng6 18. Nf6 Qe7 19. f5 Nf4 20. Bc2 exf5 21. Qd2 Ne6
22. Bxf5 Kb8 23. Kh1 Nc6 24. Bd3 Qf8 25. a4 Ng5 26. axb5 axb5 27. Nxg5 hxg5 28.
Qxg5 Rh6 29. Be3 Rh8 30. Bxb5 Qe7 31. Ba6 Bxa6 32. Rxa6 Kb7 33. Rfa1 Qe6 34.
Qg4 Qxg4 35. Nxg4 Rde8 36. Nf6 Rd8 37. R1a2 Nxe5 38. dxe5 Bxe3 39. R6a5 c6 40.
b5 c5 41. g3 c4 42. b6 d4 43. cxd4 Rxd4 44. Nd5 Rxd5 45. Rxd5 Kxb6 46. Re2 Kc6
47. Rd6+ Kc7 48. Rxe3 1-0

[Event "Mechanics' Spring TNM; 30/90, SD/30"]
[Site "San Francisco"]
[Date "2013.03.26"]
[Round "2.16"]
[White "Byambaa, Uyanga"]
[Black "Palmeri, Ralph"]
[Result "1-0"]
[WhiteElo "2113"]
[BlackElo "1715"]
[PlyCount "63"]
[EventDate "2013.??.??"]

1. e4 e5 2. Nf3 Nc6 3. Bc4 Be7 4. d4 d6 5. d5 Nb8 6. Nc3 Nf6 7. h3 Nbd7 8. O-O
a6 9. a4 O-O 10. Be3 Re8 11. Qd2 Nf8 12. Bd3 Ng6 13. Ne2 Bd7 14. b4 b5 15. axb5
axb5 16. Nc3 c6 17. Qe2 Nf4 18. Bxf4 exf4 19. dxc6 Bxc6 20. Bxb5 Qb6 21. Bxc6
Qxc6 22. Qd3 Rxa1 23. Rxa1 Rc8 24. Ra3 h6 25. Nd4 Qb6 26. b5 d5 27. Ra6 Qb7 28.
e5 Nd7 29. Nc6 Nc5 30. Qf5 Rxc6 31. Rxc6 Ne6 32. Nxd5 1-0

[Event "Mechanics' Fall TNM; 30/90, SD/30"]
[Site "San Francisco"]
[Date "2013.10.29"]
[Round "2.6"]
[White "Byambaa, Uyanga"]
[Black "Royzen, Igor"]
[Result "1-0"]
[WhiteElo "2066"]
[BlackElo "1844"]
[Annotator "Donaldson"]
[PlyCount "121"]
[EventDate "2013.??.??"]

1. e4 c6 2. d4 d5 3. e5 c5 4. c3 (4. dxc5) 4... Nc6 5. Nf3 Bg4 6. Bb5 Bxf3 7.
Qxf3 e6 8. O-O Nge7 9. Be3 cxd4 10. cxd4 Nf5 11. Nd2 Be7 12. Rac1 Qb6 13. Bxc6+
bxc6 14. Nb3 O-O 15. Rc2 Qa6 16. a3 Qa4 17. Rc3 Rab8 18. Qd1 Rb7 19. Bc1 Rfb8
20. Nc5 Qxd1 21. Rxd1 Bxc5 22. Rxc5 Rb6 23. b4 Kf8 24. g4 Ne7 25. Bg5 Ke8 26.
Rdc1 Rc8 27. Kf1 Kd7 28. Ke2 Ng6 29. Ra5 a6 30. Bd2 Ne7 31. a4 Rcb8 32. Rac5
R8b7 33. h4 g6 34. Kd3 h5 35. f3 Rb8 36. Ke3 hxg4 37. fxg4 Rh8 38. Be1 Rf8 39.
R1c2 f5 40. exf6 Rxf6 41. Rf2 Ng8 42. Rcc2 Rb8 43. Rf4 Rbf8 44. Rcf2 Ke8 45.
R2f3 Nh6 46. Rf2 Ng8 47. Rxf6 Nxf6 48. Rf4 Ne4 49. Rxf8+ Kxf8 50. Kf4 Kf7 51.
Ke5 Ke7 52. h5 gxh5 $2 (52... g5) 53. gxh5 Kf7 54. h6 Ng5 55. Kd6 Nf3 56. Bf2
Nd2 57. Kxc6 Nc4 58. b5 axb5 59. axb5 Kg6 60. b6 Nxb6 61. Kxb6 1-0

[Event "Mechanics' Spring TNM; 30/90, SD/30"]
[Site "San Francisco"]
[Date "2013.04.09"]
[Round "4.4"]
[White "Byambaa, Uyanga"]
[Black "Rumph, Todd"]
[Result "1-0"]
[WhiteElo "2113"]
[BlackElo "2200"]
[PlyCount "80"]
[EventDate "2013.??.??"]

1. e4 e5 2. Nf3 Nc6 3. Bc4 Nf6 4. Ng5 d5 5. exd5 Na5 6. Bb5+ c6 7. dxc6 bxc6 8.
Qf3 Rb8 9. Bd3 Bd6 10. Nc3 Bg4 11. Qe3 Nd5 12. Nxd5 cxd5 13. f4 e4 14. O-O Qe7
15. Qg3 Qxg5 16. Be2 h5 17. fxg5 Bxg3 18. Bxg4 Be5 19. Be2 Bxb2 20. Bxb2 Rxb2
21. Rab1 Rxb1 22. Rxb1 Nc6 23. Rb7 O-O 24. Bxh5 f5 25. Rd7 d4 26. Rd6 Rc8 27.
h4 f4 28. Bg4 Rc7 29. Be6+ Kf8 30. Bd5 e3 31. dxe3 Nb4 32. exd4 Nxc2 33. Bb3
Ne3 34. h5 Rc1+ 35. Kf2 Rf1+ 36. Ke2 Rg1 37. h6 gxh6 38. gxh6 Ke7 39. Re6+ Kd7
40. Rg6 Nf5 1-0

[Event "Mechanics' Fall TNM; 30/90, SD/30"]
[Site "San Francisco"]
[Date "2013.12.10"]
[Round "8.6"]
[White "Byambaa, Uyanga"]
[Black "Traub, Igor"]
[Result "1-0"]
[WhiteElo "2066"]
[BlackElo "2125"]
[PlyCount "53"]
[EventDate "2013.??.??"]

1. e4 c6 2. d4 d5 3. e5 Bf5 4. Nf3 e6 5. Be2 Nd7 6. O-O c5 7. c3 Ne7 8. Nh4 Qb6
9. Na3 cxd4 10. Nb5 Nc6 11. Nxf5 exf5 12. cxd4 a6 13. Nc3 O-O-O 14. Be3 h6 15.
Nxd5 Qa5 16. Qb3 Kb8 17. Rfd1 Nb4 18. Nxb4 Qxb4 19. Qxf7 Nb6 20. Bf3 Nc4 21.
Rac1 Nxe3 22. fxe3 Qb6 23. Rc3 Bb4 24. Rb3 Rdf8 25. Qc4 a5 26. a3 Rc8 27. Qd3
1-0

[Event "Mechanics' Summer TNM; 30/90, SD/30"]
[Site "San Francisco"]
[Date "2013.07.16"]
[Round "8.8"]
[White "Byambaa, Uyanga"]
[Black "Uzzaman, Ashik"]
[Result "1-0"]
[WhiteElo "2136"]
[BlackElo "1926"]
[PlyCount "77"]
[EventDate "2013.??.??"]

1. e4 c5 2. Nf3 g6 3. d4 cxd4 4. Nxd4 Nc6 5. Nc3 Bg7 6. Be3 Nf6 7. Bc4 O-O 8.
Bb3 a5 9. O-O d6 10. h3 Bd7 11. a4 Nxd4 12. Bxd4 Bc6 13. Qd3 Nd7 14. Bxg7 Kxg7
15. Qd4+ f6 16. Nd5 Nc5 17. Qe3 Nxb3 18. Qxb3 Bxd5 19. exd5 Qc7 20. Rfe1 Rfc8
21. Re4 Qd7 22. Rae1 Rc7 23. Qe3 Re8 24. c4 Qxa4 25. Qb6 Rxc4 26. Rxe7+ Rxe7
27. Rxe7+ Kh6 28. Qe3+ g5 29. b3 Qa1+ 30. Kh2 Rd4 31. Qe6 Rf4 32. Qf7 Qb1 33.
Qg7+ Kh5 34. g4+ Rxg4 35. hxg4+ Kxg4 36. f3+ Kxf3 37. Qxf6+ Kg4 38. Qe6+ Kh4
39. Qh3# 1-0